Statistiken für Die letzten 10 Meister der Fußball-Bundesliga

Klicken Sie hier um das Quiz zu spielen!

Allgemein

  • Dieses Quiz wurde 126 mal gespielt
  • Das Durchschnittsergebnis liegt bei 6 aus 10

Antwortstatistiken

letzter TitelFußball-Club% Korrekt
2023/24Bayer 04 Leverkusen
99%
2022/23FC Bayern München
90%
2011/12Borussia Dortmund
88%
2008/09VfL Wolfsburg
75%
2003/04SV Werder Bremen
69%
2006/07VfB Stuttgart
66%
1997/981. FC Kaiserslautern
55%
1982/83Hamburger SV
40%
1977/781. FC Köln
34%
1976/77Borussia Mönchengladbach
34%

Verteilung der Resultate

Perzentil nach korrekt beantworteten Fragen

Anzahl Personen mit jedem Resultat

Ihre Resultats-Entwicklung

Sie haben dieses Quiz noch nicht gespielt